Statistics for Top 10 Sports Leagues by Attendance

Click here to take the quiz!

General Stats

  • This quiz has been taken 58 times
  • The average score is 8 of 13

Answer Stats

Attendance per gameLeague% Correct
67,100National Football League (NFL)
94%
17,857National Basketball Association (NBA)
88%
28,199Major League Baseball (MLB)
86%
38,181Premier League
86%
17,456National Hockey League (NHL)
80%
43,449Bundesliga
74%
26,811La Liga
72%
25,237Serie A
56%
21,311Major League Soccer (MLS)
48%
22,799Ligue 1
46%
30,928Nippon Professional Baseball
12%
22,432ampeonato Brasileiro Série A
8%
20,181EFL Championship
8%

Score Distribution

Percentile by Number Answered

Percent of People with Each Score

Your Score History

You have not taken this quiz